000 00316nam a2200133Ia 4500
005 20251222141910.0
008 251222s9999||||xx |||||||||||||| ||spa||
020 _a84-206-3362-3
082 _a869.964/C28C
100 _aCarpentier, Alejo
245 0 _aConcierto Barroco
264 _bAlianza Editorial
942 _cLIB
999 _c8357
_d8357